000 00699nam a22001937a 4500
999 _c169638
_d169638
005 20191127145450.0
010 _aUR-10631
020 _c200.00
_a9789384255558
035 _aU-9186
037 _bDBAD/PUB
_a-
082 _a920.41
100 _aر ضو ا نہ کبير
245 _aشہز ا د ہ معظم شا ہ شجيع کی شا عر ی
_cر ضو ا نہ کبير
246 _bShahzada Mouzam Jha Shajee Ki Shairi (Urdu)
_aby Rizwana Kabeer
260 _aDelhi
_bEducational Publishing House
_c2018 ء
270 _a3191,Vakil Street, Kucha Pandit,Lal Kuan,
_bDelhi
_e110006
_k01123216162
_l-
300 _a127 ص
_c22 Cm(Hb)
942 _2ddc
_cUR
_h920.41
_mر ض و